000 00452 a2200157 4500
005 20250516142105.0
020 _a978-0-292-09356-7
082 _a658.7 CHO
100 _aCHOPRA, S .
245 _aSupply Chain Management: Strategy, Planning, and Operation
250 _a6th Ed .
260 _aBoston,
_bPearson Education Ltd,
_c2016.
300 _a528p.: figure, table,
_bbibliography & index,
_c25cm.
700 _aMEINDL, P .
942 _2ddc
_cBKS
999 _c2417
_d2417